Objective Agriculture Statistics (Record no. 208)
[ view plain ]
| 000 -LEADER | |
|---|---|
| fixed length control field | 00324nam a22001337a 4500 |
| 020 ## - INTERNATIONAL STANDARD BOOK NUMBER | |
| International Standard Book Number | 978-93-80236-61-5 |
| 041 ## - LANGUAGE CODE | |
| Language code of text/sound track or separate title | ENG |
| 100 ## - MAIN ENTRY--PERSONAL NAME | |
| Personal name | kushwaha.K.S |
| 245 ## - TITLE STATEMENT | |
| Title | Objective Agriculture Statistics |
| 260 ## - PUBLICATION, DISTRIBUTION, ETC. (IMPRINT) | |
| Place of publication, distribution, etc | New Delhi |
| Name of publisher, distributor, etc | New India Publishing Agency |
| Date of publication, distribution, etc | 2011 |
| 300 ## - PHYSICAL DESCRIPTION | |
| Extent | 310 |
| 650 ## - SUBJECT ADDED ENTRY--TOPICAL TERM | |
| Topical term or geographic name as entry element | UPCS |
| 856 ## - ELECTRONIC LOCATION AND ACCESS | |
| Uniform Resource Identifier | Competitive Exam |
| Withdrawn status | Lost status | Source of classification or shelving scheme | Damaged status | Not for loan | Home library | Current library | Date acquired | Cost, normal purchase price | Total Checkouts | Barcode | Date last seen | Price effective from | Koha item type |
|---|---|---|---|---|---|---|---|---|---|---|---|---|---|
| Dewey Decimal Classification | College of Agricultural Engineering and Technology, Dapoli , Library | Liberty | 22/01/2021 | 550.00 | 007814 | 22/01/2021 | 22/01/2021 | Books | |||||
| Dewey Decimal Classification | College of Agricultural Engineering and Technology, Dapoli , Library | Liberty | 22/01/2021 | 550.00 | 007815 | 22/01/2021 | 22/01/2021 | Books |